Eurovision Winners- Sudden Death - Statistics

General Stats
  • This quiz has been taken 144 times
    53 since last reset
  • The average score is 19 of 26
Answers on the Grid
Answers color-coded by a green-red scale on the quiz's grid according to % correct below.
Portugal
Spain
Italy
San Marino
Monaco
Luxembourg
Iceland
Ukraine
Moldova
Russia
Georgia
Azerbaijan
Armenia
Turkey
Cyprus
Israel
Australia
Hungary
Greece
Bulgaria
Serbia
Croatia
Montenegro
Austria
Switzerland
Sweden
UK
Morocco
France
Ireland
Norway
Finland
Latvia
Estonia
Lithuania
Germany
Poland
Netherlands
Belgium
 
Answer Stats
Answer % Correct
Italy
97%
Portugal
86%
Spain
83%
UK
83%
Austria
79%
Greece
79%
Ireland
79%
Sweden
79%
Switzerland
79%
Bulgaria
76%
France
76%
Israel
76%
Norway
76%
Ukraine
76%
Azerbaijan
72%
Serbia
72%
Finland
69%
Germany
69%
Netherlands
69%
Russia
69%
Latvia
66%
Luxembourg
66%
Monaco
66%
Turkey
62%
Belgium
52%
Estonia
52%
No matching quizzes found
Score Distribution
Percent of People with Each Score
Percentile by Number Answered
Your Score History
You have not taken this quiz since the last reset